The International politics of television

Na minha lista:
Detalhes bibliográficos
Autor principal: Quester, George H.
Formato: Livro
Idioma:Undetermined
Publicado em: New York Lexington Books 1990
Assuntos:
Tags: Adicionar Tag
Sem tags, seja o primeiro a adicionar uma tag!
Thư viện lưu trữ: Trung tâm Học liệu Trường Đại học Cần Thơ
LEADER 00498nam a2200181Ia 4500
001 CTU_82967
008 210402s9999 xx 000 0 und d
082 |a 384 
082 |b Q5 
100 |a Quester, George H. 
245 4 |a The International politics of television 
245 0 |c George H. Quester 
260 |a New York 
260 |b Lexington Books 
260 |c 1990 
650 |a Telivision and politics 
904 |i Qhieu(sửa) 
980 |a Trung tâm Học liệu Trường Đại học Cần Thơ